000 02204 a2200205 4500
001 45940
005 20260407155732.0
008 260407a1969 arg spa d
003 AR-UNSa-BCEJYS
040 _aAR-UNSa-BCEJYS
_bspa
_cAR-UNSa-BCEJYS
080 _a336.1
_xFinanzas Públicas. Finanzas del gobierno en general
245 1 0 _aTratado de finanzas públicas
250 _a4e. ed.
264 1 _aBuenos Aires :
_bPlus Ultra
_c1969
300 _a2v.(526; 529-1024 p.)
_c20 cm.
505 _aVOL. I. Libro I: 1. La actividad financiera – 2. Funciones del estado – 3. Perspectivas financieras y desenvolvimiento histórico del pensamiento financiero - - Libro II: 4. Viejas y nuevas ideas sobre el gasto público – 5. Comentarios y notas teóricas sobre planificaciones en general – 6. Efectos del gasto público - - Libro III: 7. Recursos públicos – 8. Naturaleza jurídica del impuesto – 9. Concepto – 10. Jurisdicción de las cortes - - Libro IV: 11. El presupuesto de un estado de previsión – 12. Agregados ajenos al presupuesto – 13. Facultades del ejecutivo – 14. Prioridad – 15. Facultades del Ejecutivo y del Parlamento – 16. Operaciones que comprende – 17. Operaciones de control – 18. El derecho presupuestario y la opinión democrática - - Libro V: 19. Las provincias y municipios como personas del derecho público - - VOL. II. Libro VI: 20. Los recursos financieros de una buena administración en los procesos de integración del socialismo y el capitalismo - - Libro VII: 21. Impuesto a la renta – 22. El impuesto de contribución territorial – 23. El impuesto único – 24. Impuesto sucesorio – 25. Impuesto al consumo – 26. Impuestos internos al consumo – 27. Impuesto a las ventas – 28. Impuesto sobre las ganancias eventuales – 29. Ley de sello (derechos del registro y timbre) – 30. El impuesto sobre las actividades lucrativas – 31. Efectos de un sistema de imposición en función de un sistema de gastos públicos - - Libro VIII : 32. Definición del crédito – 33. Amortización de las deudas públicas – 34. Conversión.
942 _cBK
590 _aniveau_biblio:m niveau_hierar:0
100 1 _aAhumada, Guillermo
999 _c4069
_d4069